LEADER 01032nam a2200241 i 4500 001 000000016363 003 CaOOAMICUS 005 20221111145902.0 008 180830s1931 it u000 u ita u 040 $aSeMil$bita 100 1 $aCasagrande, Vincenzo.$0(OLS)http://semarc/name/7553 245 12$aL'arte a servizio della Chiesa /$cdon Vincenzo Casagrande, professore nel Seminario Teologico di Trento. 264 1$aTorino [etc.] :$bSocietà Editrice Internazionale,$c1931-1932. 300 $a2 v. ;$c23 cm. 490 1 $aNuova biblioteca del clero 650 4$aArte sacra.$0(OLS)http://semarc/subject/1332 774 0 $tCasa di Dio.$w()153228 774 0 $tIconografia cristiana.$w()153229 774 0 $tIconografia cristiana.$w()237828 830 0$aNuova biblioteca del clero.$0(OLS)http://semarc/title/8244 996 $6245$aL'arte a servizio della Chiesa$9(OLS)http://semarc/title/21650 996 $6264$aTorino [etc.] :$bSocietà Editrice Internazionale$9(OLS)http://semarc/publisher/31170 LEADER 01494nam a2200253 i 4500 001 000000043750 003 CaOOAMICUS 005 20260520113333.0 008 101012s1995 it u000 u eng u 020 $a88-8587-624-2 040 $aSeMil$bita 245 00$aChurch and its most basic element /$cedited by Paul Pallath. 260 $aRome :$bHerder,$c1995. 300 $aviii, 212 p. ;$c22 cm. 505 0 $a"The eucharist makes the Church" : an orthodox proposal and its impact / Farrugia, Edward George. -- Liturgy makes the Church : towards a catholic sacramental ecclesiology / Pallath, Paul. -- Church as tradition / Powathil, Joseph. -- Life of our life : understanding the liturgy / Johnson, Cuthber. -- Liturgy and spiritual life or liturgical spirituality? / Triacca, Achille Maria. -- Liturgical norms in the code af canons of the eastern churches / Salachas, D?m?trios. -- Church sui iuris, ethos and moral theology / Petrà, Basilio 650 4$aChiesa - Liturgia.$0(OLS)http://semarc/subject/9365 700 1 $aPallath, Paul,$d<1959- >.$0(OLS)http://semarc/name/21731 850 $aSeMil 852 $aSeMil$W1$xVenegono$y1$m2B II 616$j272298$B9905$CSeMilBibl$Z2$F9905 $81 961 $aAcquisto: Casa editrice 996 $6020$a88-8587-624-2$9(OLS)http://semarc/number/15415 996 $6245$aChurch and its most basic element$9(OLS)http://semarc/title/64402 996 $6260$aRome :$bHerder$9(OLS)http://semarc/publisher/30136